书目信息 |
| 题名: |
新概念英语语法自学一本通
|
|
| 作者: | 宋德伟 , 胡秀梅 主编 ;易学通英语工作室 编著 | |
| 分册: | 讲解篇 | |
| 出版信息: | 北京 中国水利水电出版社 2008.01 |
|
| 页数: | 481页 | |
| 开本: | 21cm | |
| 丛书名: | 新概念英语新版自学辅导丛书 | |
| 单 册: | ||
| 中图分类: | H314 | |
| 科图分类: | ||
| 主题词: | 英语--ying yu--语法--自学参考资料 | |
| 电子资源: | ||
| ISBN: | 978-7-5084-4956-2 | |
| 000 | 01351nam 2200313 450 | |
| 001 | 012008301516 | |
| 005 | 20080114085513.28 | |
| 010 | @a978-7-5084-4956-2@dCNY28.00 | |
| 100 | @a20080114d2008 em y0chiy0120 ea | |
| 101 | 0 | @achi@aeng |
| 102 | @aCN@b110000 | |
| 105 | @ay z 000yy | |
| 106 | @ar | |
| 200 | 1 | @a新概念英语语法自学一本通@Axin gai nian ying yu yu fa zi xue yi ben tong@d= New concept English self-study gulde@i讲解篇@f易学通英语工作室编著@Fyi xue tong ying yu gong zuo shi bian zhu@zeng |
| 210 | @a北京@c中国水利水电出版社@d2008.01 | |
| 215 | @a481页@d21cm | |
| 225 | 2 | @a新概念英语新版自学辅导丛书@Axin gai nian ying yu xin ban zi xue fu dao cong shu |
| 314 | @a宋德伟, 胡秀梅主编取自书中 | |
| 330 | @a《新概念英语》是英语学习的热门教材,针对原教材的相关辅导书也很多,但是专门讲解其中语法现象的却很少。本书作者根据自己多年教学实践,把原教材中的语法点一一摘出剖析,并辅以相应的练习。 | |
| 410 | 0 | @12001 @a新概念英语新版自学辅导丛书 |
| 510 | 1 | @aNew concept English self-study gulde@zeng |
| 517 | 1 | @a讲解篇@Ajiang jie pian |
| 606 | 0 | @a英语@Aying yu@x语法@j自学参考资料 |
| 690 | @aH314@v4 | |
| 701 | 0 | @a宋德伟@Asong de wei@4主编 |
| 701 | 0 | @a胡秀梅@Ahu xiu mei@4主编 |
| 712 | 02 | @a易学通英语工作室@Ayi xue tong ying yu gong zuo shi@4编著 |
| 801 | 0 | @aCN@bQSSK@c20080114 |
| 905 | @b278502-04@dH314@eS763@f3 | |
| 新概念英语语法自学一本通= New concept English self-study gulde.讲解篇/易学通英语工作室编著.-北京:中国水利水电出版社,2008.01 |
| 481页;21cm.-(新概念英语新版自学辅导丛书) |
| ISBN 978-7-5084-4956-2:CNY28.00 |
| 《新概念英语》是英语学习的热门教材,针对原教材的相关辅导书也很多,但是专门讲解其中语法现象的却很少。本书作者根据自己多年教学实践,把原教材中的语法点一一摘出剖析,并辅以相应的练习。 |
| ● |
| 相关链接 |
|
|
|
正题名:新概念英语语法自学一本通
索取号:H314/S763
 
预约/预借
| 序号 | 登录号 | 条形码 | 馆藏地/架位号 | 状态 | 备注 |
| 1 | 278502 | 202785021 | 语言库209/209语言库 5排2列5层/ [索取号:H314/S763] | 在馆 | |
| 2 | 278503 | 202785030 | 语言库209/209语言库 5排2列5层/ [索取号:H314/S763] | 在馆 | |
| 3 | 278504 | 202785049 | 语言库209/ [索取号:H314/S763] | 在馆 |